El docente de educación virtual: guía básica (Registro nro. 11454)
[ vista simple ]
| 000 -Cabecera | |
|---|---|
| Campo de control de longitud fija | 00911nam a22003377a 4500 |
| 005 - Fecha y hora de la última transacción | |
| Campo de control | 20260428175756.0 |
| 008 - Elementos de longitud fija--Información general | |
| Campo de control de longitud fija | 181217b2016 xxu||||| |||| 00| 0 spa d |
| 020 ## - International Standard Book Number | |
| Número Internacional Estándar del Libro (ISBN) | 9786076220542 |
| 041 ## - Idioma | |
| Código de idioma | Español |
| 082 ## - Clasificación Decimal Dewey | |
| Número de clasificación | 371.334 A454d |
| 100 ## - Entrada principal--Autor personal | |
| Nombre personal | Alonso Díaz, Laura |
| 9 (RLIN) | 51307 |
| 100 ## - Entrada principal--Autor personal | |
| Nombre personal | Blázquez Entonado, Florentino |
| 9 (RLIN) | 51308 |
| 245 ## - Título propiamente dicho | |
| Título | El docente de educación virtual: guía básica |
| 260 ## - Pie de imprenta | |
| Lugar de publicación, distribución, etc. | México |
| 260 ## - Pie de imprenta | |
| Nombre del editor, distribuidor, etc. | Alfaomega |
| 260 ## - Pie de imprenta | |
| Fecha de publicación, distribución, etc. | 2016 |
| 300 ## - Descripción física | |
| Extensión | 165 páginas |
| 490 ## - Serie | |
| Título de la Serie | Temática General |
| 650 ## - Materia general | |
| Temática (materia general) | EDUCACIÓN |
| 650 ## - Materia general | |
| Temática (materia general) | REALIDAD VIRTUAL |
| 650 ## - Materia general | |
| Temática (materia general) | TÉCNICAS DE ENSEÑANZA |
| 650 ## - Materia general | |
| Temática (materia general) | EDUCACIÓN VIRTUAL |
| 650 ## - Materia general | |
| Temática (materia general) | INNOVACIÓN EDUCATIVA |
| 650 ## - Materia general | |
| Temática (materia general) | ENTORNOS VIRTUALES |
| 650 ## - Materia general | |
| Temática (materia general) | FORMACIÓN VIRTUAL |
| 650 ## - Materia general | |
| Temática (materia general) | APRENDIZAJE COLABORATIVO |
| 650 ## - Materia general | |
| Temática (materia general) | WEB 2.0 |
| 650 ## - Materia general | |
| Temática (materia general) | MOODLE |
| 650 ## - Materia general | |
| Temática (materia general) | EVALUACIÓN DE APRENDIZAJES |
| 942 ## - Punto de acceso adicional KOHA | |
| Tipo de ítem KOHA | Libro |
| Fuente del sistema de clasificación o colocación | Dewey Decimal Classification |
| Signatura completa | Código de barras | Programa Académico | Tipo de ítem |
|---|---|---|---|
| 371.334 A454d | 23836 | Temática General | Libro |